Management national parks and sanctuaries in India : (Record no. 133440)

MARC details
000 -LEADER
fixed length control field 00694nam a22002177a 4500
005 - DATE AND TIME OF LATEST TRANSACTION
control field 20170124110209.0
010 ## - LIBRARY OF CONGRESS CONTROL NUMBER
LC control number A-550277
020 ## - INTERNATIONAL STANDARD BOOK NUMBER
Terms of availability 250.00
035 ## - SYSTEM CONTROL NUMBER
System control number A-550277
037 ## - SOURCE OF ACQUISITION
Source of stock number/acquisition Cen Lib/Ret
040 ## - CATALOGING SOURCE
Original cataloging agency DPL
Language of cataloging EN
082 ## - DEWEY DECIMAL CLASSIFICATION NUMBER
Classification number 333.783
Item number MAN
245 ## - TITLE STATEMENT
Title Management national parks and sanctuaries in India :
Statement of responsibility, etc by Ashish Kothari...[et al.]
Remainder of title a status report /
260 ## - PUBLICATION, DISTRIBUTION, ETC. (IMPRINT)
Place of publication, distribution, etc New Delhi
Name of publisher, distributor, etc Indian Institute of Public Administration
Date of publication, distribution, etc 1989
270 ## - ADDRESS
City New Delhi
Address Inderprasatha Estate
Postal code 110002
300 ## - PHYSICAL DESCRIPTION
Extent xii, 298p.
Dimensions 23cm(Hb)
Accompanying material Map
650 ## - SUBJECT ADDED ENTRY--TOPICAL TERM
Topical term or geographic name as entry element Economics
9 (RLIN) 91991
650 ## - SUBJECT ADDED ENTRY--TOPICAL TERM
Topical term or geographic name as entry element Ecology
9 (RLIN) 155
700 ## - ADDED ENTRY--PERSONAL NAME
Personal name Kothari, Ashish
9 (RLIN) 91992
942 ## - ADDED ENTRY ELEMENTS (KOHA)
Source of classification or shelving scheme Dewey Decimal Classification
Koha item type English Books
Classification part 333.783
Call number suffix MAN
Holdings
Withdrawn status Lost status Damaged status Not for loan Home library Current library Date acquired Source of acquisition Cost, normal purchase price Total Checkouts Full call number Barcode Date last seen Copy number Cost, replacement price Price effective from Koha item type
        Central Library Central Library 25/07/2015 Cen Lib/Ret 250.00   333.783 MAN A-550277 25/07/2015 1 250.00 25/07/2015 English Books

© Delhi Public Library
Hit Counter
free hit counter